000 00408nam a22001457a 4500
999 _c1890
_d1890
008 200206b ||||| |||| 00| 0 eng d
082 0 0 _a621.81
_bB4771
100 _91493
_aBentley, Wallace.
245 1 0 _aQuestions and answers in applied mechanics
_cby Bentley, Wallace.
260 _aManchestar
_bBentley publication
_c1943
300 _a100p.
365 _d11.00
650 0 _aApplied Mechanics
942 _cBK